000 00854nam a2200253Ia 4500
003 OSt
005 20220930070253.0
006 a|||||r|||| 00| 0
007 ta
008 220926b |||||||| |||| 00| 0 eng d
024 _a6772
037 _cTheses
040 _aCRL
_cCRL
_beng
041 _2eng
_aeng
100 _aSharma Prem Lochan
_9526951
110 _aUniversity of Delhi. Faculty of Medical Science. Department of Medical Microbiology
_9520132
245 0 _aEpidemology of R-plasmids encountered in Salmonella species of Human origin
260 _c1984
650 _aMIRCOBIOLOGY
700 _a Dr Kunal Saha Supervisor
_9521435
700 _aUniversity of Delhi. Faculty of Medical Science. Department of Medical Microbiology
_9520134
942 _cDIS
_2CC
999 _c860693
_d860693